|
|
|
|
| LEADER |
01196nam a2200229 i 4500 |
| 001 |
c000127392 |
| 003 |
CARM |
| 005 |
00000000000000.0 |
| 008 |
840305s1900 sp 0 eng d |
| 019 |
1 |
|
|a 10206577
|5 LACONCORD2021
|
| 035 |
|
|
|a (OCoLC)221604456
|5 LACONCORD2021
|
| 100 |
2 |
|
|a Mesonero Romanos, Manuel.
|
| 245 |
1 |
0 |
|a Goya, Moratin, Melendez Valdes y Donoso Cortes :
|b resena historica de las anteriores enterraniemtos y traslaciones de sus restos mortales hasta su inhumacion en el mausoleo del cementerio de San Isidro el dia 11 de mayo de 1900 /
|c Manuel Mesonero Romanos fotografias de don Antonio Canovas del Castillo y Vallejo.
|
| 260 |
|
|
|a Madrid :
|b Imprenta de los hijos de M.G. Hernandez,
|c 1900.
|
| 300 |
|
|
|a 62p. :
|b ill.
|
| 600 |
1 |
0 |
|a Goya, Francisco,
|d 1746-1828.
|
| 600 |
1 |
0 |
|a Moratin, Leandro Fernandez de,
|d 1760-1828.
|
| 600 |
2 |
0 |
|a Melendez Valdes, Juan,
|d 1754-1817.
|
| 600 |
2 |
0 |
|a Donoso Cortes, Juan,
|c Marques de Valdegamas,
|d 1809-1853.
|
| 852 |
8 |
|
|b CARM
|h A2:AF11F0
|i C00936
|p 0062756
|f BK
|
| 999 |
f |
f |
|i 7365b60b-aa77-588f-b7ff-ee5d3e4a2d96
|s fca8b5a8-f479-5246-bff6-041d6fe39dab
|
| 952 |
f |
f |
|p Can circulate
|a CAVAL
|b CAVAL
|c CAVAL
|d CARM 1 Store
|e C00936
|f A2:AF11F0
|h Other scheme
|i book
|m 0062756
|